000 00683nam a2200181 a 4500
001 000028991
005 20200930055249.0
008 110415s1989 dr 000 0 spa d
040 _aDO-SdBNP
_bspa
_cBNPHU
082 _axxx
_bC3978a
110 2 _aCentro Nacional de Investigaciones en Salud Materno Infantil
_955757
245 1 0 _aPliegue cutáneo en niños dominicanos bien nutridos /
_ceditor Hugo R. Mendoza.
260 _aSanto Domingo :
_bCENISMI,
_c1989.
300 _a43 p. ;
_c28 cm.
490 1 _aInvestigaciones en nutrición
_apublicaciones técnicas
_v3
700 1 _aMendoza, Hugo R.
_eed
_96390
830 0 _aInvestigaciones en nutrición
_ppublicaciones técnicas
_v3
_955916
999 _c28483
_d28483